000 00813nam a22002175i 4500
001 166592
003 ES-MaACL
005 20250913171928.0
008 940206s1889 sp |||| | spa d
040 _aCAM
_bspa
100 _aTramoyeres Blasco, Luis,
_d1851-1920
_9224415
245 1 0 _aInstituciones gremiales
_b: su origen y organización en Valencia /
_cpor Luis Tramoyeres Blasco ; con un prólogo de Eduardo Pérez Pujol.
260 _aValencia :
_b[s.n.],
_c1889 (
_fImp. Domenech)
300 _aXXIV, 444, [4] p. ;
_c23 cm.
597 _aPort. a dos tintas.
650 7 _aGremios-
_zComunidad Valenciana
_2
_9151890
700 _aPérez Pujol, Eduardo,
_d1830-1894
_epr.
_9224418
752 _aEspaña -
_dValencia
852 _aES-MaACL
_jF-10899
_z-- Enc. pasta
999 _c166592
_d166592